Aplikácie Business Intelligence diplomová práca

Gespeichert in:
Bibliographische Detailangaben
1. Verfasser: Kovačicová, Noemi
Körperschaft: Fakulta hospodárskej informatiky EU. Katedra aplikovanej informatiky
Weitere Verfasser: Hudec, Miroslav, 1969-
Format: Buch
Sprache:Slowakisch
Veröffentlicht: Bratislava 2015
Tags: Tag hinzufügen
Keine Tags, Fügen Sie das erste Tag hinzu!

MARC

LEADER 00000nbm a2200000 4500
001 0203462
005 20161212112157.3
041 0 |a slo 
044 |a SK 
245 1 0 |a Aplikácie Business Intelligence  |b diplomová práca  |c Noemi Kovačicová ; školiteľ: Miroslav Hudec 
264 1 |a Bratislava  |c 2015 
300 |a 70 s. 
100 1 |a Kovačicová, Noemi 
700 1 |a Hudec, Miroslav, 1969- 
710 2 |a Fakulta hospodárskej informatiky EU. Katedra aplikovanej informatiky